• 首页
  • 本馆介绍
  • 公告通知
  • 最新文献
  • 馆藏检索
  • 电子资源
  • 读者导购
  • 参考咨询
  • 我的图书馆
  • 登录
  • 详细信息显示
  • 放入我的书架
  • 预约/预借图书
  • 作者相关作品
  • 分类相关作品
  • 丛书相关作品
  • 出版社相关作品

书目信息

  • 表格格式
  • 工作单格式
  • 卡片格式
题名:
教育技术学基础
    
 
作者: 加涅 , Gagne 主编 ;张杰夫 译
分册:  
出版信息: 北京   教育科学出版社  1992.2
页数: 566页
开本: 20cm
丛书名:
单 册:
中图分类: G40-057
科图分类: 38.1638
主题词: 教育技术学
电子资源:
ISBN: 7-5041-0956-8
000 01206nam0 2200313 45
001 0193036287
005 20070721092450.68
010    @a7-5041-0956-8@dCNY12.00
100    @a19930824d1992 em y0chiy0121 ea
101 1  @achi@ceng
102    @aCN@b110000
105    @ay z 000yy
200 10 @a教育技术学基础@AJIAO YU JI SHU XUE JI CHU@f(美)加 涅(Gagne,Robert M.)主编@F( MEI ) JIA NIE (Gagne,Robert M.) ZHU BIAN@g张杰夫等译
210    @a北京@c教育科学出版社@d1992.2
215    @a566页@d20cm
300    @a书名原文:Instructional technology foundations
314    @a张杰夫,中央教育科学研究所任职
314    @a罗伯特·M·加涅,当代美国著名教育心理学家,曾任美国教育研究会主席
330    @a本书介绍了美国教育技术学的发展史及其理论,探讨了其中的系统分析、设计、实施,评价教与学的整个过程所涉及到的各个领域的理论、主要模式、方法等。
510 1  @aInstructional technology foundations@zeng
540 1  @a教育 技术学@AJIAO YU JI SHU XUE
606    @a教育技术学
690    @aG40-057@v三版
692    @a38.1638
701  1 @a加涅@AJIA NIE@b罗伯特·M@4主编
701 A1 @aGagne@bRobert M.@4主编
702  0 @a张杰夫@AZHANG JIE FU@4译
801  0 @aCN@bTSSF@c20070721
905    @a10447@dG40-057@e409
    
    教育技术学基础/(美)加 涅(Gagne,Robert M.)主编/张杰夫等译.-北京:教育科学出版社,1992.2
    566页;20cm
    书名原文:Instructional technology foundations
    
    ISBN 7-5041-0956-8:CNY12.00
    本书介绍了美国教育技术学的发展史及其理论,探讨了其中的系统分析、设计、实施,评价教与学的整个过程所涉及到的各个领域的理论、主要模式、方法等。
●
相关链接 在E读中查询图书 在五车中查询图书 在当当中查询图书 在豆瓣中查询图书


正题名:教育技术学基础     索取号:G40-057/409         预约/预借

序号 登录号 条形码 馆藏地/架位号 状态 备注
1 0769844   207698446   第一样本阅览室/ [索取号:G40-057/409] 在馆    
唐山师范学院图书馆 欢迎您!
大连网信软件有限公司© 版权所有